000 01526nam a2200337Ia 4500
999 _c20031
_d20031
001 20768
003 DO-CoUTE
005 20260204212527.0
008 220102s9999 dr 000 0 spa d
040 _aDO-CoUTE
_bspa
_cDO-CoUTE
041 0 _aspa
090 _aM-BA 2020 P45
100 1 _aJiménez Vásquez, Walewska del Pilar
_esustentante
245 1 0 _aEstrategias lúdicas para enseñar en ambiente virtual en el Nivel Básico / Walewska del Pilar Jiménez Vásquez, Yurly María Capellán Reyes, Juana Santos Florentino y otros siete ; asesora, Pura Rosari Reyes Lara
260 _aCotuí, República Dominicana :
_bUTECO,
_c2020
300 _av, 72 hojas :
_bIlustraciones ;
_c28cm.
_e+ 1 CD-ROM
502 _aMonográfico (Licenciatura en Educación Básica)--Universidad Tecnológica del Cibao Oriental, 2020
504 _aIncluye referencia bibliográfica e índice
650 4 _aAmbiente virtual -estrategias lúdicas
700 1 _aAntonio Rosario, Dulce María
_esustentante
700 1 _aBeltrán Colomé, Santa Teresa
_esustentante
700 1 _aGarcía Cabrera, Genesis
_esustentante
700 1 _aGonzalez, Ana Yira
_esustentante
700 1 _aMaría Antonio, Jaileni
_esustentante
700 1 _aReyes Acevedo, Idalissa
_esustentante
700 1 _aReyes Lara, Pura Rosari
_easesor
830 0 _aTesis y disertaciones académicas (Universidad Tecnológica del Cibao Oriental)
942 _2LC
_cTH